Online Public Access Catalogue

Dentistry Dental Practice and the Community (Record no. 11259)

MARC details
000 -LEADER
fixed length control field 00445nam a22001457a 4500
020 ## - INTERNATIONAL STANDARD BOOK NUMBER
International Standard Book Number 978072160515x
082 ## - DEWEY DECIMAL CLASSIFICATION NUMBER
Classification number 617.6
Author Mark BUR
100 ## - MAIN ENTRY--PERSONAL NAME
Author Name Burt A.Brian
245 ## - TITLE STATEMENT
Title Dentistry Dental Practice and the Community
260 ## - PUBLICATION, DISTRIBUTION, ETC.
Name of publisher, distributor, etc. Elsevier
Date of publication, distribution, etc. 2005
300 ## - PHYSICAL DESCRIPTION
No of Pages 425 P
Dimensions 20cm
440 ## - SERIES STATEMENT/ADDED ENTRY--TITLE
Title Dentistry Dental Practice and the Community
650 ## - SUBJECT ADDED ENTRY--TOPICAL TERM
Subject Dentistry, Community dentistry
Keywords Dentistry and Community, Dental Practice
942 ## - ADDED ENTRY ELEMENTS (KOHA)
Source of classification or shelving scheme
Koha item type Books
952 ## - LOCATION AND ITEM INFORMATION (KOHA)
-- 2019-07-25
952 ## - LOCATION AND ITEM INFORMATION (KOHA)
-- 2019-07-25
952 ## - LOCATION AND ITEM INFORMATION (KOHA)
-- 2019-07-25
Holdings
Item status Home library Current library Shelving location Date acquired Total Checkouts Full call number Barcode Date last seen Koha item type
  Islamabad Dental Hospital Islamabad Dental Hospital Islamabad Dental Hospital 25/07/2019   617.6 BUR D-501 25/07/2019 Books
  Islamabad Dental Hospital Islamabad Dental Hospital Islamabad Dental Hospital 25/07/2019   617.6 BUR D-502 25/07/2019 Books
  Islamabad Dental Hospital Islamabad Dental Hospital Islamabad Dental Hospital 25/07/2019   617.6 BUR D-503 25/07/2019 Books

Copyright @ IMDC Library
Islamabad Medical and Dental College
Bhara Kahu, Islamabad

  Contact the Librarian, IMDC
  Email:: library@imdcollege.edu.pk

  OPAC Customized by
  Mazhar Hussain,
  Librarian:
  Islamabad Medical and Dental College
  Email:: library@imdcollege.edu.pk